| 000 | 00000nam##2200000za#4500 |
| 001 | 9.698425 |
| 003 | CaOODSP |
| 005 | 20241203113638 |
| 007 | cr ||||||||||| |
| 008 | 150407|2014||||xxc|||||o f|0| 0 eng|d |
| 020 | |a978-1-100-22695-8 |
| 040 | |aCaOODSP|beng |
| 043 | |an-cn--- |
| 086 | 1 |aEn84-3/2013E-PDF |
| 110 | 1 |aCanada. |bEnvironment Canada. |
| 245 | 14|aThe Georgia Basin - Puget Sound airshed characterization report, 2014 / |h[electronic resource]|cVingarzan R., So R., Kotchenruther R., editors ; jointly published by the U.S. Environmental Protection Agency. |
| 260 | |aOttawa - Ontario : |bEnvironment Canada |c2014. |
| 300 | |a316p.|bcoloured figs., references, tables |
| 500 | |a"The Georgia Basin - Puget Sound Airshed Characterization Report, 2014, is an update of the 2004 report by the same name and represents a synthesis of air quality work undertaken in the region since that time."--Executive summary. |
| 590 | |a15-08|b2015-02-20 |
| 690 | 07|aAir quality|2gcpds |
| 775 | 08|tRapport sur la caractérisation du bassin atmosphérique de Georgia Basin-Puget Sound, 2014 / |w(CaOODSP)9.642432 |
| 856 | 40|ahttp://publications.gc.ca|qPDF|s19.02 MB|uhttps://publications.gc.ca/collections/collection_2015/ec/En84-3-2013-eng.pdf |
| 986 | |aEPA 910-R-14-002 |